El ordeño / (Record no. 110370)

MARC details
000 -LEADER
campo de control de longitud fija 00984nam a2200253 i 4500
001 - NÚMERO DE CONTROL
campo de control 110370
003 - IDENTIFICADOR DE NÚMERO DE CONTROL
campo de control ES-MaACL
005 - FECHA Y HORA DE LA ÚLTIMA TRANSACCIÓN
campo de control 20230906185034.0
007 - CAMPO FIJO DE DESCRIPCIÓN FÍSICA--INFORMACIÓN GENERAL
campo de control de longitud fija t|
008 - DATOS DE LONGITUD FIJA--INFORMACIÓN GENERAL
campo de control de longitud fija 061121s1968 sp a |||| | spa d
100 1# - ENTRADA PRINCIPAL--NOMBRE DE PERSONA
Nombre de persona Barreiro Etchevers, Francisco.
9 (RLIN) 25896
245 13 - MENCIÓN DEL TÍTULO
Título El ordeño /
Mención de responsabilidad, etc. Francisco Barreiro Etchevers, Armando García Díaz, Gerardo García Fernández ; ilustrador, Antonio Castro Ferreiro.
260 ## - PUBLICACIÓN, DISTRIBUCIÓN, ETC.
Lugar de publicación, distribución, etc. Madrid :
Nombre del editor, distribuidor, etc. [Ministerio de Agricultura],
Fecha de publicación, distribución, etc. 1968.
300 ## - DESCRIPCIÓN FÍSICA
Extensión 62 p. :
Otras características físicas il. ;
Dimensiones 24 cm.
490 1# - MENCIÓN DE SERIE
Mención de serie Publicaciones de capacitación agraria. Técnica ;
Designación de volumen o secuencia 26
650 #4 - PUNTO DE ACCESO ADICIONAL DE MATERIA--TÉRMINO DE MATERIA
Término de materia o nombre geográfico como elemento de entrada Ordeño.
9 (RLIN) 169045
700 1# - ENTRADA AGREGADA--NOMBRE PERSONAL
Nombre de persona García Díaz, Armando.
9 (RLIN) 54531
700 1# - ENTRADA AGREGADA--NOMBRE PERSONAL
Nombre de persona García Fernández, Gerardo Luis.
9 (RLIN) 54596
700 1# - ENTRADA AGREGADA--NOMBRE PERSONAL
Nombre de persona Castro Ferreiro, Antonio.
9 (RLIN) 36922
710 1# - ENTRADA AGREGADA--NOMBRE DE ENTIDAD CORPORATIVA
Nombre de entidad corporativa o nombre de jurisdicción como elemento de entrada España.
Unidad subordinada Dirección General de Capacitación Agraria.
9 (RLIN) 3712
830 1# - PUNTO DE ACCESO ADICIONAL DE SERIE-TÍTULO UNIFORME
Título uniforme Publicaciones de capacitación agraria. Técnica ;
Designación de volumen o secuencia 26
9 (RLIN) 233020
852 ## - LOCALIZACIÓN
Ubicación ES-MaACL
Número de control de estantería C-46671
Holdings
Estatus retirado Estado de pérdida Estado de daño No para préstamo Biblioteca de origen Biblioteca actual Ubicación en estantería Fecha de adquisición Fuente de adquisición Total de préstamos Signatura topográfica completa Código de barras Visto por última vez Precio de reemplazo Tipo de ítem Koha
        Biblioteca del Ateneo de Madrid Biblioteca del Ateneo de Madrid Depósito 2 17/01/2008     C-46671 1115148 23/02/2023 23/02/2023 Libro impreso